| 000 | 00396nam a2200121Ia 4500 | ||
|---|---|---|---|
| 008 | 200907s9999 xx 000 0 und d | ||
| 020 | _a978-971-98-1073-5 | ||
| 100 | _aEarnhart, Richard T. | ||
| 245 |
_cRichard T. Earnhart, Edgar M. Adina _aMathematics in the modern world/ |
||
| 260 |
_aQuezon City: _bC and E Publishing, Inc. _c2018 |
||
| 300 |
_aviii, 352 pages _c22 cm. |
||
| 650 | _aMathematics | ||
| 999 |
_c364063 _d364063 |
||